[Photograph showing the unveiling of a plaque at the Star and Garter Home] (Record no. 116759)
[ view plain ]
| 000 -LEADER | |
|---|---|
| fixed length control field | 00909ckm a22002175a 4500 |
| 001 - CONTROL NUMBER | |
| control field | L141697 |
| 008 - FIXED-LENGTH DATA ELEMENTS--GENERAL INFORMATION | |
| fixed length control field | 071213s1968 xxk eng u |
| 035 ## - SYSTEM CONTROL NUMBER | |
| System control number | (Sirsi) u141697 |
| 041 0# - LANGUAGE CODE | |
| Language code of text/sound track or separate title | eng |
| 245 01 - TITLE STATEMENT | |
| Title | [Photograph showing the unveiling of a plaque at the Star and Garter Home] |
| Medium | [graphic] |
| 260 ## - PUBLICATION, DISTRIBUTION, ETC. | |
| Date of publication, distribution, etc. | 19 September 1968 |
| 300 ## - PHYSICAL DESCRIPTION | |
| Extent | 1 photograph |
| Other physical details | b&w |
| Dimensions | 17 x 21 cm. |
| 340 ## - PHYSICAL MEDIUM | |
| Material base and configuration | Photograph |
| 351 ## - ORGANIZATION AND ARRANGEMENT OF MATERIALS | |
| Hierarchical level | Single item |
| 500 ## - GENERAL NOTE | |
| General note | Photograph shows the unveiling of a plaque at the Star and Garter Home, on the occasion of the opening of a day room paid for by subscriptions from the Chartered Auctioneers' and Estate Agents' Institute. The plaque was unveiled by the CAEAI President, John Hinks, on 19 September 1968. |
| 600 14 - SUBJECT ADDED ENTRY--PERSONAL NAME | |
| Personal name | Hinks, John |
| 610 24 - SUBJECT ADDED ENTRY--CORPORATE NAME | |
| Corporate name or jurisdiction name as entry element | Chartered Auctioneers' and Estate Agents' Institute |
| 651 4# - SUBJECT ADDED ENTRY--GEOGRAPHIC NAME | |
| Geographic name | London |
| 690 ## - LOCAL SUBJECT ADDED ENTRY--TOPICAL TERM (OCLC, RLIN) | |
| Topical term or geographic name as entry element | ABOUT RICS-RELATED ORGANISATIONS |
| 942 ## - ADDED ENTRY ELEMENTS (KOHA) | |
| Suppress in OPAC | 0 |
| Withdrawn status | Lost status | Source of classification or shelving scheme | Damaged status | Not for loan | Home library | Current library | Shelving location | Date acquired | Total Checkouts | Full call number | Barcode | Date last seen | Copy number | Price effective from | Koha item type |
|---|---|---|---|---|---|---|---|---|---|---|---|---|---|---|---|
| Dewey Decimal Classification | Historic collection | Historic collection | Historic collection | 13/12/2007 | MAP CABINET DRAWER 2 | 141697-2001 | 06/08/2019 | 1 | 06/08/2019 | Archive |